Normale Ansicht MARC-Ansicht ISBD

Kriegt Frankfurt bald einen Cannabis-Club? (Titelsatznr. 373196)

[ MARC ]
MARC-Details
000 -Satzkennung
Kontrollfeld mit fester Länge 00624nab a2200181 4500
001 - Kontrollnummer
Kontrollfeld 244442
003 - Kontrollnummer Identifier
Kontrollfeld OSt
005 - Datum und Zeit der letzten Transaktion
Kontrollfeld 20240625084204.0
007 - Feld mit fester Länge zur physischen Beschreibung - Allgemeine Information
Kontrollfeld mit fester Länge tu
008 - Feld mit fester Länge zur physischen Beschreibung - Allgemeine Angaben
Kontrollfeld mit fester Länge 200917s2020|||||||
040 ## - Katalogisierungsquelle
Original-Katalogisierungsstelle DE-2950
Übertragungsstelle DE-2950
245 00 - Titel
Titel Kriegt Frankfurt bald einen Cannabis-Club?
Zusatz zum Titel Legalisierung. Noch müssen einige Hindernisse aus dem Weg geräumt werden, bevor der erste Verein in der Oderstadt Marihuana abgeben kann/
Verfasserangabe etc. Leonard Palm
264 ## - Produktion, Veröffentlichung, Distribution, Herstellung und Urheberrechtsvermerk
Datum der Herstellung, der Veröffentlichung, des Vertriebs oder des Urheberschutzvermerks 2024
653 ## - Indexierungsterm - Nicht normiert
Nicht-normierter Term Frankfurt (Oder)
653 ## - Indexierungsterm - Nicht normiert
Nicht-normierter Term Cannabis-Club
773 0# - Übergeordnete Einheit
Verknüpfungsangaben 35. Jahrgang (2024) Nr. 129 vom 05.06.2024, S. 13 mit Foto
Titel Märkische Oderzeitung
942 ## - Zusätzliche Felder (Koha)
Klassifikation oder Aufstellungssystematik Andere/Generische Klassifikation
Koha-Medientyp Aufsätze

Keine Exemplare verfügbar.